[Event "Moscow Aeroflot op-A"]
[Site "Moscow"]
[Date "2005.02.22"]
[Round "8"]
[White "Karjakin, Sergey"]
[Black "Ni, Hua"]
[Result "0-1"]
[WhiteElo "2599"]
[BlackElo "2625"]
[Annotator "Psakhis,L"]
[PlyCount "88"]
[EventDate "2005.02.15"]
[EventType "swiss"]
[EventRounds "9"]
[EventCountry "RUS"]
[SourceTitle "CBM 106"]
[Source "ChessBase"]
[SourceDate "2005.06.06"]
[SourceVersion "1"]
[SourceVersionDate "2005.06.06"]
[SourceQuality "1"]

1. e4 e6 2. d4 d5 3. Nc3 Bb4 4. e5 c5 5. a3 Bxc3+ 6. bxc3 Ne7 7. Qg4 Qc7 8.
Qxg7 Rg8 9. Qxh7 cxd4 10. Ne2 Nbc6 11. f4 Bd7 12. Qd3 dxc3 13. Nxc3 a6 14. Rb1
Na5 (14... Rc8 15. Ne2 Na7 $5 16. Qb3 Bb5 17. Nd4 Bxf1 18. Kxf1 Nac6 19. Nxc6
Qxc6 20. Rb2 Nf5 $44 {J.Arnason - J.Timman, Antwerpen 1989}) 15. Bd2 (15. h4
Nf5 16. Rh3 O-O-O (16... Rc8 17. h5 Bc6 18. h6 Rh8 19. g4 Ne7 20. Qd4 Nc4 21.
Bxc4 dxc4 22. Ne4 Bxe4 23. Qxe4 Nd5 24. f5 Qc5 25. fxe6 $16 {Lhagva - P.Carton,
Novi Sad (ol) 1990}) 17. h5 ({RR} 17. Bd2 Nc4 18. Ne2 Bb5 19. a4 Bxa4 20. Nd4
Nxd4 21. Qxd4 Bxc2 22. Rc1 Ba4 23. h5 Bc6 24. h6 Rg6 25. h7 Rh8 26. Bc3 Rg7 27.
Qd3 Qe7 28. Bd4 Qb4+ 29. Kf2 Nd2 30. Kg1 Nxf1 31. Kxf1 Kd7 {Klimov,S-Ivanov,S/
St Petersburg-ch 2005/FCD546/1-0 (49)}) 17... Nc4 $5 (17... Rg4 $5 18. Qf3 $5 (
18. h6 Rh8 19. h7 Rg7 20. Rb4 Nc4 21. Nxd5 exd5 22. Qxd5 Na5 23. Bc4 Rhxh7 24.
Rf3 Rh1+ 25. Bf1 Kd8 $17 {A.Hagstrom - K.Haglund, Corr.1978}) 18... Rdg8 (18...
Nh6 $6 19. f5 $1 Qxe5+ 20. Ne2 d4 21. Bxh6 exf5 22. Bf4 Qc5 23. h6 Bc6 24. Qd3
{1-0 L.Yurtaev - S.Lputian, USSR 1979}) 19. h6 R4g6 20. h7 Rh8 21. g4 Ne7 (
21... Nd4 22. Qf2 $1 $16) 22. Bd2 (22. a4 $5 Nc4 23. Bd3 Rg7 24. Qf2 $1 (24.
Qe2 Ng6 25. Bxc4 Rgxh7 $1 26. Rxh7 Rxh7 27. Nxd5 Rh1+ 28. Kd2 exd5 29. Bd3 d4
$19 {Baluev - Nikolic, Corr.1974/75}) 24... Kb8 25. Qh4 $1 $16 {A.Khasin - de
Carbonnel, Corr.1977}) 22... Rg7 23. Bd3 Ng6 $36 {0-1 Lang,H-Nyman,K/corr 1986/
ChessBase (30)}) 18. Rb4 (18. Nd1 Bb5 19. Qc3 d4 $1 20. Qb4 Qc6 21. Nf2 Nfe3
22. Bxe3 dxe3 23. Nd1 e2 24. Bxe2 Rxg2 25. Rd3 Rg1+ 26. Bf1 Rdg8 27. Rbb3 Rxf1+
$1 28. Kxf1 Qg2+ 29. Ke1 Qg1+ {0-1 Lhagva - J.Gdanski, Novi Sad (ol) 1990})
18... Bc6 (18... b5 19. Ne2 d4 20. g4 $1 a5 21. Rb1 Rxg4 22. h6 Nce3 23. h7 Rh8
24. Nxd4 Nxf1 25. Nxf5 exf5 26. e6 $1 fxe6 27. Bb2 Qxf4 28. Bxh8 {1-0
Charushin - K.J.Harrison, Corr.1987/92}) 19. Ne2 (19. h6 $5 Rg6 20. h7 Rh8 21.
Ne2 Rg7 22. g4 $1 Rxg4 23. Nd4 Ne7 24. Nf3 $5) 19... Bb5 20. a4 (20. Qf3 d4 $1
21. a4 $6 (21. g4 Nfe3 22. Nxd4 (22. Bxe3 Nxe3 23. Nxd4 Qc3+ $1) 22... Nxf1 $1
23. Nxb5 axb5 24. Kxf1 Rd2 $1 25. h6 Rxc2 26. Rb1 Nb6 27. Be3 Qc4+ 28. Kg1 Nd5
29. h7 Rh8 {Rc3, Nf4}) 21... Nce3 $1 22. axb5 Nxc2+ 23. Kf2 Nxb4 24. Bd2 d3 $1
{(Van Damme - A.V.Vojna, Corr.1985)} 25. Bxb4 Qb6+ $1 26. Ke1 Qxb5 27. Qe4 a5
$1 28. Ba3 Rg3 $1 29. Nxg3 (29. Rxg3 Nxg3 30. Nxg3 d2+) 29... d2+ 30. Kf2 Qb6+
$1 $19 {A.V.Vojna}) 20... Qc5 (20... Nxe5 21. Qc3 Bxe2 22. fxe5 Bxf1 23. Kxf1
$14) (20... Bc6 $5 21. Nc3 (21. h6 $5 Qa5 22. c3) 21... Qa5 22. Rb1 Rg4 23. h6
Rh8 24. h7 Rg7 25. Bd2 Nxd2 26. Qxd2 Rgxh7 {J.Pihlajinen - R.Andersson, Corr.
1990}) 21. Ba3 $14 {1/2-1/2 Hort,V-Nogueiras,J/Biel 1988/ (43)}) 15... Nc4 16.
Ne2 (16. Ne4 $5 Nxd2 (16... Nxe5 17. Nf6+ Kd8 18. Qc3 $1 $16) (16... dxe4 17.
Qxc4 Qxc4 18. Bxc4 Rxg2 $5 (18... Bc6 19. Rg1 Nf5 $13) 19. Rxb7 Bc6 20. Rc7 (
20. Rb1 e3 $5 (20... Nf5) 21. Bxe3 Rxc2) 20... Rxd2 $1 (20... e3 $2 21. Bb4) (
20... Rc8 21. Rxc8+ Nxc8 22. Bxa6) (20... Kd8 21. Ba5) 21. Rxc6 (21. Kxd2 $2
e3+ 22. Kxe3 Bxh1) 21... Rxc2 {(/\ Rc1, Nc6)} 22. Kd1 Rc3 $13) 17. Nf6+ Kd8 18.
Qxd2 Rh8 19. c4 $1 Bc6 20. Be2 $16 {1-0 Schleinitz,J-Myers,D/corr 1991/
ChessBase (27)}) 16... Nf5 (16... Bb5 17. Nd4 Nxe5 $1 18. Qc3 Nc4 19. g3 Nc6
20. Nxb5 axb5 21. Rxb5 Rxa3 22. Rb3 Ra4 23. Bxc4 Rxc4 24. Qb2 Na5 $13 {
Heissler-Rosenthal,D/BL 1993/ChessBase/1-0 (49)}) 17. h3 (17. Ng3 Nxg3 18. hxg3
Nxd2 19. Qxd2 Ba4 20. Bd3 Rc8 {1/2-1/2 Jandovsky,V-Nemec,Z/CZE t-ch2 9900 2000/
EXT 2001}) 17... Qc5 $146 {Funny, but only this move turns out to be a novelty.
} (17... Nxd2 18. Kxd2 Bb5 19. Qc3 Qxc3+ 20. Kxc3 Ne3 21. Kd2 Nxf1+ 22. Rhxf1
Rxg2 23. Rfe1 Rc8 24. Rb3 Rc4 25. Kd1 Re4 26. Nc3 Rd4+ 27. Kc1 Bc6 28. Ne2 Re4
29. Kd1 Ke7 30. Rb4 Re3 31. Rb3 Re4 32. Rb4 {Todorov,I-Srebrov,H/BUL t-ch
Bankia 1991/0-1 (54)}) 18. g4 (18. Bb4 Qb6 {[%cal Ra6a5]} 19. g4 Nfe3 20. Qh7
O-O-O $132) 18... Nxa3 (18... Nfe3 19. Bxe3 Nxe3 20. Qc3 Qa7 $132 (20... Nxc2+
21. Kd2 Qxc3+ 22. Nxc3 Nxa3 23. Rxb7 $16)) 19. Rb2 Nc4 (19... Ba4 20. gxf5
Nxc2+ 21. Rxc2 Bxc2 22. Qd4 $16) 20. Rxb7 Nfe3 {Unlike White, who has not
completed his development yet, all black pieces are involved in the struggle
and aim at the White king. But the situation is not so simple!} (20... Nxd2 21.
Kxd2 Bc6 22. Rb3 d4 23. Rg1 $14) 21. Bxe3 $6 ({Worth a consideration was the
brave move} 21. Qh7 $142 $5 {and after} O-O-O 22. Rxd7 $1 Kxd7 23. Qxf7+ Qe7
24. Qxe7+ Kxe7 25. Bxe3 Nxe3 26. Nd4 $36 {White's chances are better in the
endgame.}) 21... Nxe3 22. Rb3 $2 (22. Qc3 $142 $1 Qxc3+ 23. Nxc3 d4 24. Ne4 Bc6
25. Nd6+ Kd8 26. Nxf7+ Kc8 27. Nd6+ Kd8 $11) 22... Nxc2+ 23. Kd2 Rc8 24. Qc3 $2
(24. Rc3 Qb4 25. Kxc2 Ba4+ 26. Kd2 Bb5 27. Qd4 Rc4 28. Qb6 Rxc3 29. Nxc3 Qb2+
30. Ke3 Qxc3+ 31. Kf2 Qd2+ 32. Kg3 $11) 24... Qa7 $1 {The move Karjakin had
certainly overlooked. Black gets a very strong attack against White's poor
monarch.} 25. Qb2 (25. Qa5 $5 {[%cal Ga5b6]} Nd4 $15) 25... Ba4 (25... d4 $5)
26. Rc3 Rxc3 27. Qxc3 Kd7 $1 {[%cal Gg8c8]} 28. f5 Rc8 29. Qf3 Qc5 $19 {
[%csl Rd2] The smoke has cleared, Black has decisive advantage and manages to
turn it quickly into a win.} 30. fxe6+ (30. Bg2 Qb4+ 31. Nc3 Qd4+ 32. Qd3 Qf2+
33. Ne2 (33. Qe2 Qf4+) 33... Nd4 34. fxe6+ Kd8 $19) 30... fxe6 31. Qf7+ (31.
Bg2 Qb4+ 32. Nc3 Qd4+ 33. Qd3 Qf4+ 34. Kd1 Nb4+ $19) 31... Kd8 32. Qf6+ Kc7 33.
Qf4 Kb8 34. Ng3 (34. Qxa4 Qe3+ 35. Kd1 Qd3+ 36. Kc1 Nd4+) 34... Qc3+ 35. Ke2
Qe1+ ({Another promising possibility was} 35... Rc4 $5 36. Qf8+ Kb7 37. Qf7+
Kb6) 36. Kf3 Rc3+ 37. Kg2 Ne3+ 38. Kg1 (38. Kh2 Rc2+) 38... Bb5 (38... Nxf1 39.
Nxf1 Bb5 {wins by force, for example:} 40. Rh2 Bxf1 41. Qxf1 Qxf1+ 42. Kxf1
Rc1+ 43. Kg2 Rc2+ 44. Kg3 Rxh2 45. Kxh2 Kc7 46. h4 Kd7 47. h5 Ke7 $19 {but,
possibly, Ni Hua didn't want to count a so long variation.}) 39. Qf8+ (39. Qf2
Qb1) 39... Kb7 40. Qf2 Qb1 41. Kh2 (41. Rh2 Nxf1 42. Nxf1 Bxf1) 41... Nxf1+ {
A glorious finish of the knight march!} 42. Nxf1 (42. Rxf1 Bxf1 43. Nxf1 Rc2
44. Nd2 Qd1 45. Qf7+ Kb6 46. Qxe6+ Kc5 47. Qd6+ Kd4 48. Qb4+ Kd3 $19) 42... Qd3
43. Qf7+ (43. Qe3 Qc2+ 44. Qd2 Rxh3+ $1 45. Kg1 (45. Kxh3 Bxf1+) 45... Rxh1+
46. Kxh1 Qb1) 43... Kb6 44. Qf2+ Kc6 0-1

[Event "EU-ch 2nd"]
[Site "Ohrid"]
[Date "2001.06.02"]
[Round "2"]
[White "Timoshenko, Georgy"]
[Black "Lputian, Smbat G"]
[Result "1/2-1/2"]
[WhiteElo "2537"]
[BlackElo "2607"]
[Annotator "Psakhis,L"]
[PlyCount "60"]
[EventDate "2001.06.01"]
[EventType "swiss"]
[EventRounds "13"]
[EventCountry "YUG"]
[SourceTitle "CBM 084"]
[Source "ChessBase"]
[SourceDate "2001.09.13"]
[SourceVersion "1"]
[SourceVersionDate "2001.09.13"]
[SourceQuality "1"]

1. e4 e6 2. d4 d5 3. Nc3 Bb4 4. e5 c5 5. a3 Ba5 $5 {Lputian's spesiality} 6. b4
cxd4 7. Nb5 (7. Qg4 $5 Ne7 8. bxa5 dxc3 9. Qxg7 Rg8 10. Qxh7 Nbc6 11. Nf3 Qc7
12. Bf4 Bd7 13. Bd3 O-O-O 14. Bg3 Qxa5 15. O-O Rh8 16. Qg7 d4 17. Qg4 Nf5 18.
Rfb1 Nxg3 19. Qxg3 Qc7 $132 {0-1 Polgar,J-Khalifman,A/Hoogeveen Essent 2000/
CBM 80 (37)}) 7... Bc7 8. f4 Bd7 9. Nxc7+ Qxc7 10. Nf3 Ne7 11. Bd3 a6 12. a4 (
12. O-O Bb5 13. Nxd4 Bxd3 14. cxd3 Nbc6 15. Be3 O-O 16. Rc1 Qb6 17. Rc5 a5 $1
18. Nc2 axb4 19. axb4 d4 20. Nxd4 Nxd4 21. Bxd4 Rfd8 $15 {0-1 Khachian,
M-Lputian,S/ARM-ch Yerevan 1999/CBM 74/[Psakhis,L] (34)}) 12... Nbc6 ({Black
couls play and} 12... Nf5 13. O-O Qb6 {for example:} 14. Bxf5 exf5 15. Qxd4
Qxd4+ 16. Nxd4 Nc6 17. Nxc6 Bxc6 18. Bb2 O-O 19. Bd4 Rfc8 20. c3 Bd7 21. Kf2
Rc4 22. Ke3 h6 23. h3 a5 24. b5 Re8 $11 {1/2-1/2 Wedberg,T-Ivanov,S/Stockholm
GM 2000/ (33)}) 13. Qd2 $146 (13. Rb1 {[%cal Gb4b5]} Na7 14. b5 Qb6 15. O-O
axb5 16. axb5 Qc5 17. Qe2 Nf5 18. Re1 h5 19. Rb3 Nc8 20. Bxf5 exf5 21. Qd3 Ra2
$132 {Kuczynski,R-Syrtlanov,V/Koszalin op 1997/1/2-1/2 (66)}) ({Worth
considering} 13. Bd2 $5 {with possible continuation} Nf5 14. b5 Na5 15. Bxf5
exf5 16. Bb4 Nc4 17. Qxd4 a5 18. Bd6 Nxd6 19. exd6 Qxd6 20. Qxg7 O-O-O {
Cladouras,P-Foetsch,D/Dresden op 1998/1-0 (50)}) 13... Nf5 14. Bb2 O-O 15. Kf2
$6 {Brave decision.Timoshenko could simply play} (15. Bxf5 $5 exf5 16. Bxd4 {
with chances for small advantage.}) ({Black position is very tough in the case
of} 15. O-O Qb6 $5 ({Big complications could come after} 15... Ne3 $5 16. Rfe1
Nc4 17. Bxh7+ $5 Kxh7 18. Ng5+ Kg8 (18... Kg6 19. Qd3+ f5 20. Qg3) 19. Qd3 Rfc8
20. Qh7+ Kf8 21. Qh8+ Ke7 22. Qxg7 Rf8 23. f5 $132) 16. b5 axb5 17. axb5 Nce7
$13) 15... f6 $1 {[%cal Rf8f2] Natural reaction on the last white's move} 16.
Bxf5 (16. b5 Nxe5 $1 17. fxe5 fxe5 {[%csl Gd4,Gd5,Ge5,Ge6,Rf2]}) 16... fxe5 $1
{[%mdl 512]} ({Black has nothing to worry about and after} 16... exf5 17. Rhe1
fxe5 18. Nxe5 Rfe8 $11 {but text is much stronger.}) 17. Bh3 (17. b5 $5 e4 $5 (
17... Na5 18. Bxh7+ Kxh7 19. fxe5) 18. Nxd4 Nxd4 19. Qxd4 Rf7) 17... Rxf4 $44
18. g3 Rf6 {It is easy to see, that Lputian gor more more than enough
compensation for the piece- strong pawn center and good possibilities for
attack.} 19. Kg2 Nxb4 $1 (19... Raf8 20. Rhf1 Nxb4 21. Nxe5 $5 (21. Nxd4 exd4
22. Rxf6 Rxf6 23. Qxb4 e5 24. Bxd7 Qxc2+ (24... Qxd7 $5 $13) 25. Kg1 Qf2+ (
25... Rf2 26. Be6+ Kh8 27. Bxd5 $16) 26. Kh1 Qf3+ $11) 21... Qxe5 (21... Nxc2
22. Rxf6 Rxf6 23. Nxd7 Ne3+ 24. Kh1 Qxd7 25. Bxd4 $16) 22. Rxf6 Qxf6 23. Qxb4
Qf3+ 24. Kg1 $14) 20. Qxb4 Rxf3 $1 {One blow after another!} 21. Qd2 $1 {
Only move.} ({In the case of most principal} 21. Kxf3 Qxc2 (21... Rf8+ $5 22.
Qxf8+ (22. Kg4 Qxc2 {[%csl Rg4]})) 22. Rac1 e4+ $1 (22... Qe4+ 23. Kf2 Rf8+ 24.
Qxf8+ Kxf8 25. Rhe1) 23. Kg4 (23. Kf4 Qf2+ 24. Ke5 Qf6+ 25. Kd6 Qf8+ 26. Kxd7
Qxb4 27. Bxe6+ Kh8 $19) 23... Qe2+ 24. Kh4 g5+ $1 25. Kxg5 Qe3+ {white monarch
went too far into the enemy camp -} 26. Kf6 (26. Kg4 e5+ $19) 26... Qh6+ 27.
Ke5 Qg7+ 28. Kd6 Qf8+ $19) 21... Rf6 (21... Raf8 22. Rhf1 Rxf1 23. Rxf1 Rxf1
24. Kxf1 Qb6 $5 25. Qg5 (25. c3 d3 $1) 25... h6 26. Qxe5 Qxb2 27. Bxe6+ Bxe6
28. Qxe6+ Kf8 29. Qd6+ Ke8 30. Qe6+ Kd8 31. Qxd5+ $11) 22. Rhe1 Rc8 23. Re2 Qb6
(23... Be8 {[%cal Ge8g6]} 24. Rf1 $5 {[%cal Gh3e6]} (24. Bxd4 exd4 25. Bxe6+
Rxe6 26. Rxe6 Bg6 $17)) 24. Ra2 Rc4 ({Maybe} 24... Rcf8 $5 {is stronger} 25.
Rxe5 $140 Rf2+ 26. Qxf2 Rxf2+ 27. Kxf2 d3+) 25. Rxe5 Bxa4 26. Bc1 Qc6 {[%cal
Gc6g2]} 27. Re2 h6 {Why not} (27... e5 $5 28. Rxe5 $8 Bxc2 29. Re1 Be4+ 30. Kg1
d3 $17 {with big advantage?}) 28. Ba3 Kf7 (28... e5 $5) 29. Bg4 Qc7 30. Qe1 Bd7
$17 {Black chances are still better, but it looks that Lputian was
dissapointed with last moves and decided to offer draw.} 1/2-1/2

[Event "Bundesliga 0405"]
[Site "Germany"]
[Date "2004.11.27"]
[Round "3.2"]
[White "Sokolov, Andrei"]
[Black "Brynell, Stellan"]
[Result "1-0"]
[WhiteElo "2591"]
[BlackElo "2473"]
[Annotator "Psakhis,L"]
[PlyCount "99"]
[EventDate "2004.11.12"]
[EventType "team-tourn"]
[EventRounds "15"]
[EventCountry "GER"]
[SourceTitle "CBM 105"]
[Source "ChessBase"]
[SourceDate "2005.04.11"]
[SourceVersion "1"]
[SourceVersionDate "2005.04.11"]
[SourceQuality "1"]
[WhiteTeam "Tegernsee"]
[BlackTeam "Neukoelln"]
[WhiteTeamCountry "GER"]
[BlackTeamCountry "GER"]

1. e4 e6 2. d4 d5 3. Nc3 Bb4 4. e5 c5 5. a3 Ba5 6. Bd2 {An old-fashioned move
which nowadays is totally displaced by} (6. b4 $5) 6... Nc6 7. Qg4 (7. Nb5 Nxd4
8. Nxd4 cxd4 9. Bb5+ Bd7 10. Bxd7+ Kxd7 11. Nf3 Bb6 12. a4 Ne7 13. a5 Bc7 14.
a6 Nc6 15. axb7 Rb8 16. c3 dxc3 17. Bxc3 Ke8 18. O-O Rxb7 19. Qa4 Qd7 20. Rfc1
Bb6 {1-0 Krakops,M-Barsov,A/Patras op 2001/The Week in Chess 351 (50)}) 7...
Kf8 (7... Nge7 8. dxc5 Nf5 (8... O-O 9. f4 f6 10. Nf3 fxe5 11. fxe5 Ng6 12.
O-O-O Ngxe5 13. Nxe5 Nxe5 14. Qg3 Nc6 15. Nb5 Bxd2+ 16. Rxd2 b6 17. Nc7 Rb8 18.
Bb5 {1-0 Van den Doel,E-Tondivar,B/NED-sf Leeuwarden 2004/The Week in Chess 489
}) 9. Nf3 Bc7 10. Bg5 Qd7 11. Bb5 b6 12. cxb6 axb6 13. O-O-O Ba6 14. Nxd5 Bxb5
15. Nc3 Qc8 16. Nxb5 Bxe5 17. Nxe5 Nxe5 18. Qxf5 exf5 19. Nd6+ Kd7 20. Nxc8+
Kxc8 21. Rhe1 f6 {1-0 Moreno Carnero,J-Rodriguez Gonzalez,J/Madrid Gorbea mem
2003/ChessBase (26)}) 8. dxc5 Nxe5 9. Qg3 Ng6 (9... Nd7 $5) 10. O-O-O (10. Bd3
Bd7 11. Nge2 Bc7 (11... Bc6 12. O-O d4 13. Ne4 $14) 12. f4 Nf6 (12... f5 $6 13.
h4 $16) 13. O-O $14) 10... Nf6 (10... Bc7 $146 11. f4 Qh4 (11... Nf6 $142) 12.
Qxh4 Nxh4 13. Nb5 (13. g3 Nf5 14. Bd3 Nge7 15. Nb5 Bb8 16. Nf3 $14) 13... Bb8
14. c4 (14. g3 $142) 14... Nf6 15. cxd5 exd5 (15... Nxd5 16. g3 Nf5 17. Nf3 Bd7
18. Bc4 h5 19. Rhe1 $14) 16. g3 Bf5 {'!'} (16... Bf5 $1) 17. Nh3 (17. Re1 $1
Be4 (17... a6 18. Nc3 d4 19. Na4 Be4 20. Rxe4 Nxe4 21. gxh4 Nf2 22. Nb6 Ra7 23.
Bg2 $16) 18. Rxe4 Nxe4 19. gxh4 Nf2 20. Bg2 Bxf4 (20... Nxh1 21. Bxh1 a6 22.
Nc3 Ba7 23. b4 $16) 21. Bxf4 Nd3+ 22. Kd2 Nxf4 23. Bf3 $16) 17... Be4 18. Rg1
Nf3 19. Rg2 d4 20. Ba5 a6 21. Nxd4 Nxd4 {1-0 Dominguez,L-Almeida,O/Santa Clara
91/(252) 2004/Inf 91/[Dominguez,L] (41)}) 11. f3 (11. Nge2 Bc7 12. f4 Bd7 13.
h4 Ne7 14. Qf3 b6 $13) 11... Bd7 12. h4 $5 $146 {[%cal Ca5c7,Cc7g3,Rh4h6]
White immediately takes this opportunity to grab space on the kingside.
According to my database, this position appeared for the first time} (12. Nge2
Bc7 13. Qf2 b6 14. Be3 Ne7 15. g4 bxc5 16. Bxc5 Bb6 17. h4 Bxc5 18. Qxc5 Qb6
19. Qxb6 axb6 20. Bh3 Ne8 (20... h6 21. Kb1 g5 22. hxg5 hxg5 23. f4 gxf4 24.
Nxf4 Rg8 25. Nh5 Nxh5 26. gxh5 Bc6 27. Na2 {1/2-1/2 Kuhne,D-Evans,G/corr 2004/
Telechess CBM 101}) 21. f4 h5 22. g5 g6 23. Nd4 Kg7 24. Nf3 Nc7 25. Ne5 Rhd8
26. Ne2 Nc6 {Kasparov,G-Khalifman,A/Linares 2000/ChessBase/[Kasparov,G,Psakhis,
L]/1/2-1/2 (55)}) 12... Ne7 (12... h6 13. h5 Ne7 {leads just to moves
transposition.}) 13. h5 h6 14. Nge2 (14. Bd3 $5) 14... Rc8 15. Nd4 {[%cal
Cc8c5,Gd4b3] White has almost completed his development - his chances are
preferable since Black's king cannot be safe in center.} Bc7 ({Worth
considering} 15... Qc7 $5 {trying to exchange queens}) 16. Qf2 b6 (16... e5 17.
Nb3 $36) 17. Nb3 bxc5 (17... a5 $5) 18. Ba6 Rb8 19. Nxc5 Bc6 20. g4 {Beggining
of attack against black monarch.} Bd6 21. Nb3 Qc7 (21... e5 $5) 22. Be3 (22.
Kb1 $5) 22... Nd7 (22... Bf4 $5 {with unclear and complicated game.}) 23. f4
Rxb3 $5 24. cxb3 d4 (24... Qa5 25. Bd3 Bxa3 26. bxa3 Qxc3+ 27. Qc2 Qa1+ 28. Kd2
Qxa3 29. Bd4 $16 {[%csl Rh8]}) 25. Bxd4 Bxh1 26. Rxh1 Qc6 {[%cal Rc6a6,Rc6h1]}
27. Qf1 $8 Bxf4+ ({White keeps initiatiative and after} 27... Bc5 28. Bxc5 Nxc5
29. Bc4) 28. Kb1 Nb6 (28... Qc7 29. Qf2 {[%csl Ra7][%cal Od4a7,Gh1f1]}) 29. Rh3
(29. Bd3 $5) 29... e5 30. Bb5 Qe6 (30... Qc7 $142 {[%csl Gc5]}) 31. Bc5 $1 g6 (
31... Kg8 $5) 32. hxg6 fxg6 33. Ne2 $1 {First of all White has to include new
forces into offence.} ({Sokolov had already good choice -} 33. Re3 $5 {[%cal
Rf1f4]} g5 (33... Qf7 34. Re4) 34. Rd3 $36 {leads also to very promising
position.}) 33... g5 $8 (33... Qf6 34. Nxf4 exf4 35. Rd3 {[%cal Gc5d4]}) 34.
Nxf4 (34. Qf3 $5 Qd5 35. Qxd5 Nbxd5 36. Bxa7 Nf6 $140 37. Nxf4 gxf4 38. g5 $1)
34... gxf4 35. Rd3 {Suddenly Black king finds himself in big trouble.} Kg7 (
35... Qxg4 36. Rd8+ Kg7 37. Rxh8 Kxh8 38. Bxe7 $18) 36. Ka2 (36. Qe2 $5 {
[%cal Gc5d4]}) 36... Rf8 $6 (36... Rc8 $142 $5) 37. Rd6 (37. Qe2 $5 {[%cal
Gd3d6]}) 37... Qxg4 38. Qh1 {[%cal Oh1h6,Gh1b7]} (38. Qe1 $5 Rf5 (38... Ng6 39.
Rxg6+ Qxg6 40. Qxe5+ Kg8 41. Bxf8 Kxf8 42. Qb8+ $18) 39. Bd3 $40) 38... Nf5 39.
Re6 Rf7 ({I think Black should have taken his chances with} 39... Rf6 $5 40.
Rxe5 f3 {[%csl Gf3]}) 40. Rxe5 $2 (40. Bd6 $1 Nd7 41. Bxd7 Rxd7 42. Bxe5+ Kh7
43. Qe4 $18) 40... f3 (40... Nd7 41. Bxd7 Rxd7 42. Qa8 $40) 41. Bd3 {This move
doesn't spoil anything but it wasn't essential.} (41. Re1 $142 $5 h5 (41... Ng3
42. Qh2 h5 43. Rg1 h4 44. Bf2 $18) 42. Bf2 $18) 41... Ng3 ({Black could have
offered a tough resistance after} 41... Nd7) 42. Qg1 {[%cal Rg1g7]} Nd7 43. Re4
(43. Bd4 $5) 43... Qg5 $8 44. Qd4+ Nf6 (44... Qf6 45. Rg4+) 45. Re5 Qg4 (45...
Qd2 46. Bb4 $1) 46. Qe3 $18 {[%csl Rg7]} Ne2 (46... f2 47. Qxf2 Nge4 48. Bxe4
Nxe4 49. Qd4 $18) 47. Bc4 (47. Re7 $5) 47... Qg3 (47... Nf4 48. Bxf7 Kxf7 49.
Re7+ Kg6 50. Bd4) 48. Bxe2 $18 {A rather picturesque position.} Ng4 49. Rg5+ $1
hxg5 50. Qxg5+ (50. Qxg5+ Kh8 51. Bd4+) 1-0

[Event "Corus-B"]
[Site "Wijk aan Zee"]
[Date "2002.01.19"]
[Round "4"]
[White "Nijboer, Friso"]
[Black "Werle, Jan"]
[Result "1-0"]
[WhiteElo "2574"]
[BlackElo "2481"]
[Annotator "Psakhis,L"]
[PlyCount "74"]
[EventDate "2002.01.15"]
[EventType "tourn"]
[EventRounds "11"]
[EventCountry "NED"]
[EventCategory "11"]
[SourceTitle "CBM 087"]
[Source "ChessBase"]
[SourceDate "2002.03.21"]
[SourceVersion "1"]
[SourceVersionDate "2002.03.21"]
[SourceQuality "1"]

1. e4 e6 2. d4 d5 3. Nc3 Bb4 4. e5 c5 5. a3 Ba5 6. Qg4 ({White had good
results in last tournaments after} 6. b4 cxd4 7. Nb5) 6... Ne7 7. dxc5 Bxc3+ 8.
bxc3 Ng6 9. Nf3 Qa5 10. Bd2 Nd7 11. Bd3 {Simple and strong move, black's task
was easy after} (11. c4 Qc7 12. cxd5 O-O $1 13. d6 Qxc5 14. Qb4 Ngxe5 15. O-O-O
Qxf2 16. Bc3 Nc6 17. Qb2 e5 18. Kb1 f6 19. Be1 Qb6 20. Bc4+ Kh8 {0-1 Baklan,
V-Borovikov,V/Governor's Cup Kramatorsk 2001/The Week in Chess 361 (33)}) 11...
Nxc5 12. O-O Bd7 $6 $146 {Black faced big troubles after this new move.} (12...
O-O 13. h4 (13. Rfe1 Bd7 14. h4 Ne4 15. Be3 Qc7 16. Qh5 f6 17. exf6 Nxf6 18.
Qg5 Ne4 19. Qh5 Nf6 20. Qg5 Ne4 21. Qh5 Nf6 {1/2-1/2 Aseev,K-Ivanov,S/RUS-ch
Samara 2000 (21)}) 13... Qa4 14. Qxa4 Nxa4 15. h5 Ne7 16. h6 Bd7 17. Rab1 b6
18. hxg7 Kxg7 19. Rb4 Ng6 20. Re1 Rac8 21. Re3 Nc5 22. Rg4 Ne4 23. Bxe4 dxe4
24. Nd4 Bc6 {1/2-1/2 Minasian,A-Lputian,S/ARM-ch Yerevan 2001/ (46)}) ({
Worth considering} 12... Ne4 $5 13. Be3 h5 14. Qh3 Qxc3 15. Nd4 Bd7 16. Rab1
Nxe5 17. Bxe4 dxe4 18. Qg3 Ng4 19. Rb3 Qa5 20. Rxb7 Qe5 21. Qxe5 Nxe5 22. Rfb1
O-O 23. h3 {Ponomariov,R-Borovikov,V/Governor's Cup Kramatorsk 2001/ 1-0 (68)})
13. c4 $1 Qa4 14. Bb4 Nxd3 15. cxd3 $16 {[%csl Gb4,Re8] White's adantage is
obvious - black king is weak and it is easy to see difference between bishops.}
a5 16. Bd6 dxc4 17. dxc4 h5 (17... Rc8 18. Rac1 (18. Nd2 $5)) 18. Qd4 h4 19.
Ng5 $5 ({I would prefer} 19. h3 $5 {[%csl Rh4]}) 19... h3 20. g3 Qc2 (20... Qc6
21. f3 Rc8 (21... Ne7 22. Bxe7 $1 Kxe7 23. Rab1 $16) 22. Rab1 Qxc4 23. Qxc4
Rxc4 24. Rxb7) 21. Qg4 (21. Rac1 Qf5 22. f4 Bc6) 21... Rc8 (21... Qf5 22. Qxf5
exf5 23. Rab1 Bc6 24. e6 $1) 22. Rac1 (22. Rab1 $5 Rxc4 23. Qf3) 22... Qf5 23.
Qxf5 exf5 24. Rfd1 ({Worth considering} 24. f4 $14) 24... f4 $5 25. Ne4 Bc6 26.
Re1 fxg3 27. fxg3 Bxe4 $2 {Mistake! Bishop c6 was too importand defender and
White wins now quite easy.} (27... Rd8 $142 $5 {[%cal Ge8d7,Gd7c8]}) 28. Rxe4
Kd7 29. Rb1 $1 Ke6 {What else?} (29... Kc6 30. Rf1 f6 31. exf6 $1 Kxd6 32. fxg7
Rh6 33. Rf6+ $18 {lose as well}) 30. Rxb7 Rc6 31. c5 $18 {[%csl Gd6]} Rhc8 (
31... Rh5 $5 {[%cal Gh5f5]}) 32. Re1 a4 33. Rf1 Rxc5 (33... Nh8 {[%csl Rh8]})
34. Bxc5 Rxc5 35. Rbxf7 Nxe5 36. Rxg7 Rc2 37. Rh7 Ng4 (37... Ng4 38. Rxh3 $18)
1-0